000 00347nam a2200121 a 4500
005 20140414132113.0
008 110805s19uu xx 00 eng d
050 _aREF 413
_bM26 2009
100 _aMadrigal, Caye
245 _aDiksyunaryo ng bagong filipino :
_b(Filipino-Filipino).
260 _aPhilippines :
_bSmartbooks,
_c2009.
999 _c114810
_d114810